| 000 | 00450nam a2200145 a 4500 | ||
|---|---|---|---|
| 001 | 000033869 | ||
| 005 | 20200930070602.0 | ||
| 008 | 110914s1956 uy 000 0 spa d | ||
| 040 |
_aDO-SdBNP _bspa _cBNPHU |
||
| 082 |
_axxx _bB191m |
||
| 100 | 1 |
_aMontiel Ballesteros, A., _d1888- _959298 |
|
| 245 | 1 | 0 |
_aMundo en ascuas : _bNovela / _cA. Montiel Ballesteros. |
| 260 |
_aMontevideo, Uruguay : _bEdiciones ClavileƱo, _c[1956]? |
||
| 300 |
_a214 p. ; _c19 cm. |
||
| 999 |
_c33360 _d33360 |
||